Quiz Géographie - Statistiques

Statistiques générales
  • Ce quiz a été pris 25 fois
  • Le résultat moyen est 6 sur 20
Statistiques - réponses
Hint Réponse % Correct
Pays où se situe le Mont Kilimandjaro Tanzanie
78%
Désert du Nord du Chili, connu pour son extrême aridité ainsi que ses probantes réserves de minéraux (lithium notamment) Désert d'Atacama
74%
Capitale de l'Angola Luanda
65%
Canal de navigation reliant Toulouse à la Mer Méditerannée depuis le XVIIe siècle Canal du Midi
57%
Ville la plus peuplée du continent océanique Melbourne
57%
Portion de côte à l'est du littoral méditerranéen français, s'étendant de Cassis jusqu'à Menton et incluant la principauté de Monaco. Côte d'Azur
52%
Département numéro 21 en France Côte d'Or
52%
Désert couvrant une grande partie du Botswana, de la Namibie et de l'Afrique du Sud ? Désert du Kalahari
39%
Pays possédant les îles Galapagos Equateur
39%
Nom de la 3ème région belge, après la région flamande et la région wallonne Région de Bruxelles-Capitale
22%
Régions créées durant la période d'apartheid en Afrique du Sud et au Sud-Ouest africain, réservées aux populations noires Bantoustans
9%
Nom donné aux résidences fermées, initialement en Amérique du Nord Gated Community
9%
Ville Nouvelle egyptienne située non loin du Caire, dans le désert arabique (nom anglais) New Cairo
4%
Nom donné à un territoire bénéficiant d'une politique dérogatoire en matière d'économie et plus particulièrement de fiscalité Zone Franche
4%
Forme de médecine traditionelle non conventionelle originaire de l'Inde, qui puiserait ses sources dans le Véda, ensemble de textes sacrés de l'Inde antique. Ayurveda
0%
Etat de l'Est du Nigéria, situé sur la rivière de Bénoué, dont il tire son nom Etat de Benue
0%
Rivière française, traversant la ville de Saint Etienne Furan
0%
Nom donné aux bidonvilles en Asie du Sud Est Kampung
0%
Plus grand bidonville du monde, situé dans le même pays Orangi Town
0%
Vallée Pakistanaise, située dans la région autonome du Gilgit-Baltistan, à proximité d'une rivière portant le même nom Vallée de la Hunza
0%
Aucun quiz correspondant
Distribution des résultats
% des personnes avec chaque résultat
Percentile par nombre de réponses
Votre historique - résultats
Vous n’avez pas pris ce quiz